Mots cachés n°13 - Statistiques

Statistiques générales
  • Ce quiz a été pris 215 fois
  • Le résultat moyen est 24 sur 25
Statistiques - réponses
Question Tuile Select % Correct
balle, sol, rue et lion. C Non
100%
balle, sol, rue et lion. G Non
100%
balle, sol, rue et lion. T Non
100%
balle, sol, rue et lion. A Non
99%
balle, sol, rue et lion. N Non
99%
balle, sol, rue et lion. O Non
99%
balle, sol, rue et lion. P Non
99%
balle, sol, rue et lion. O Non
98%
balle, sol, rue et lion. O Non
98%
balle, sol, rue et lion. O Non
97%
balle, sol, rue et lion. S Non
97%
balle, sol, rue et lion. S Non
97%
balle, sol, rue et lion. U Non
97%
balle, sol, rue et lion. A Oui
95%
balle, sol, rue et lion. B Oui
95%
balle, sol, rue et lion. E Oui
95%
balle, sol, rue et lion. L Oui
95%
balle, sol, rue et lion. L Oui
95%
balle, sol, rue et lion. R Oui
94%
balle, sol, rue et lion. I Oui
93%
balle, sol, rue et lion. O Oui
92%
balle, sol, rue et lion. S Oui
92%
balle, sol, rue et lion. N Oui
91%
balle, sol, rue et lion. O Oui
91%
balle, sol, rue et lion. U Oui
90%
Aucun quiz correspondant
Distribution des résultats
% des personnes avec chaque résultat
Percentile par nombre de réponses
Votre historique - résultats
Vous n’avez pas pris ce quiz